00000000nas 2200000za 4500
0019.500432
003CaOODSP
00520250609155920
007cr |||||||||||
008150406c2003||||xxc|| m o||||f|   |0fre|d
040 |aCaOODSP|bfre
043 |an-cn---
0861 |aF21-8F-PDF|zF21-8-PDF
1101 |aCanada. |bMinistère des finances.
24510|aMinistère des Finances, document de travail |h[ressource électronique]
260 |aOttawa - Ontario : |bFinances Canada
310 |aIrrégulier
3621 |a2003-14 --
500 |aArticles en leurs langues originales.
77508|tDepartment of Finance, working paper |w(CaOODSP)9.500431